[Event "IMP Mezczyzn do lat 20"]
[Site "Chotowa"]
[Date "2023.10.31"]
[Round "9.14"]
[White "Kraczek, Cezary"]
[Black "Mikula, Maciej"]
[Result "1/2-1/2"]
[BlackElo "1936"]
[WhiteElo "1707"]
[LiveChessVersion "1.4.8"]

1. e4 {[%clk 1:30:57]} c5 {[%clk 1:30:45]} 2. Nf3 {[%clk 1:30:51]} g6
{[%clk 1:28:43]} 3. d4 {[%clk 1:30:00]} cxd4 {[%clk 1:28:40]} 4. Qxd4
{[%clk 1:29:24]} Nf6 {[%clk 1:29:03]} 5. Nc3 {[%clk 1:29:04]} Nc6
{[%clk 1:28:19]} 6. Qa4 {[%clk 1:28:10]} d6 {[%clk 1:28:16]} 7. e5
{[%clk 1:27:16]} dxe5 {[%clk 1:28:25]} 8. Nxe5 {[%clk 1:27:26]} Qd4
{[%clk 1:28:42]} 9. Nxc6 {[%clk 1:26:18]} Qxa4 {[%clk 1:28:59]} 10. Nxa4
{[%clk 1:26:41]} bxc6 {[%clk 1:29:24]} 11. Be3 {[%clk 1:19:12]} Nd5
{[%clk 1:23:02]} 12. Bc5 {[%clk 1:06:06]} e5 {[%clk 1:13:22]} 13. Bc4
{[%clk 1:00:38]} Bxc5 {[%clk 1:02:09]} 14. Nxc5 {[%clk 1:00:28]} Ke7
{[%clk 0:59:54]} 15. O-O-O {[%clk 0:55:09]} Rd8 {[%clk 0:55:44]} 16. Rhe1
{[%clk 0:51:30]} f6 {[%clk 0:55:35]} 17. Bb3 {[%clk 0:41:16]} Bf5
{[%clk 0:53:33]} 18. g3 {[%clk 0:40:07]} g5 {[%clk 0:49:56]} 19. Rd2
{[%clk 0:34:33]} Bg4 {[%clk 0:42:07]} 20. c4 {[%clk 0:30:13]} Nb6
{[%clk 0:40:18]} 21. f4 {[%clk 0:28:49]} Rxd2 {[%clk 0:32:51]} 22. Kxd2
{[%clk 0:28:50]} a5 {[%clk 0:30:18]} 23. a4 {[%clk 0:19:56]} h6 {[%clk 0:24:28]}
24. fxe5 {[%clk 0:18:07]} Rd8+ {[%clk 0:20:25]} 25. Kc3 {[%clk 0:17:32]} Bf5
{[%clk 0:18:49]} 26. exf6+ {[%clk 0:16:37]} Kxf6 {[%clk 0:17:59]} 27. Bc2
{[%clk 0:13:27]} Bxc2 {[%clk 0:15:50]} 28. Kxc2 {[%clk 0:13:55]} Nxc4
{[%clk 0:16:00]} 29. Re6+ {[%clk 0:13:48]} Kf5 {[%clk 0:15:57]} 30. Rxh6
{[%clk 0:12:28]} Ne5 {[%clk 0:12:13]} 31. h3 {[%clk 0:11:12]} Rd5
{[%clk 0:09:53]} 32. g4+ {[%clk 0:08:32]} Kf4 {[%clk 0:10:10]} 33. Ne6+
{[%clk 0:08:37]} Ke3 {[%clk 0:10:01]} 34. Nxg5 {[%clk 0:08:29]} Rd2+
{[%clk 0:05:51]} 35. Kc3 {[%clk 0:07:47]} Rd3+ {[%clk 0:04:03]} 36. Kc2
{[%clk 0:08:07]} Rd4 {[%clk 0:04:28]} 37. Re6 {[%clk 0:06:00]} Rc4+
{[%clk 0:04:54]} 38. Kb3 {[%clk 0:04:58]} Rb4+ {[%clk 0:05:09]} 39. Kc3
{[%clk 0:04:33]} Kf4 {[%clk 0:05:25]} 40. Nf7 {[%clk 0:32:31]} Rc4+
{[%clk 0:33:00]} 41. Kb3 {[%clk 0:27:40]} Rb4+ {[%clk 0:32:29]} 42. Kc2
{[%clk 0:26:43]} Rc4+ {[%clk 0:26:13]} 43. Kb1 {[%clk 0:25:07]} Nd3
{[%clk 0:18:31]} 44. b3 {[%clk 0:18:13]} Rc1+ {[%clk 0:18:52]} 45. Ka2
{[%clk 0:18:32]} Rc2+ {[%clk 0:19:19]} 46. Kb1 {[%clk 0:17:05]} Rc1+ 1/2-1/2

[Event "IMP Mezczyzn do lat 20"]
[Site "Chotowa"]
[Date "2023.10.31"]
[Round "9.15"]
[White "Stepinski, Piotr"]
[Black "Kondys, Piotr"]
[Result "1-0"]
[BlackElo "2122"]
[WhiteElo "1991"]
[LiveChessVersion "1.4.8"]

1. e4 {[%clk 1:30:57]} e5 {[%clk 1:29:04]} 2. Nf3 {[%clk 1:31:22]} d6
{[%clk 1:29:18]} 3. d4 {[%clk 1:31:48]} Nd7 {[%clk 1:29:34]} 4. Bc4
{[%clk 1:32:13]} c6 {[%clk 1:29:51]} 5. dxe5 {[%clk 1:32:31]} dxe5
{[%clk 1:30:08]} 6. Ng5 {[%clk 1:32:55]} Nh6 {[%clk 1:30:20]} 7. O-O
{[%clk 1:33:21]} Bc5 {[%clk 1:26:36]} 8. Qh5 {[%clk 1:33:44]} Nf6
{[%clk 1:21:20]} 9. Bxf7+ {[%clk 1:34:02]} Ke7 {[%clk 1:14:29]} 10. Qe2
{[%clk 1:34:30]} Nxf7 {[%clk 1:09:57]} 11. Nxf7 {[%clk 1:34:46]} Kxf7
{[%clk 1:08:01]} 12. Qc4+ {[%clk 1:35:15]} Be6 {[%clk 1:05:39]} 13. Qxc5
{[%clk 1:35:31]} Nd7 {[%clk 1:05:50]} 14. Qe3 {[%clk 1:30:10]} Rf8
{[%clk 1:04:25]} 15. Nc3 {[%clk 1:29:14]} Kg8 {[%clk 1:02:10]} 16. Qg3
{[%clk 1:25:19]} Qb6 {[%clk 0:54:38]} 17. b3 {[%clk 1:21:19]} Rf6
{[%clk 0:53:28]} 18. Qe3 {[%clk 1:18:59]} Qd8 {[%clk 0:50:09]} 19. f3
{[%clk 1:15:59]} Rg6 {[%clk 0:48:48]} 20. Rf2 {[%clk 1:11:44]} Qh4
{[%clk 0:43:55]} 21. Ne2 {[%clk 1:10:07]} Nf6 {[%clk 0:37:12]} 22. Bb2
{[%clk 1:07:56]} Rg5 {[%clk 0:34:00]} 23. g3 {[%clk 1:03:32]} h6 {[%clk 0:30:24]}
24. Kf1 {[%clk 0:55:20]} Qh3+ {[%clk 0:27:27]} 25. Ke1 {[%clk 0:55:18]} Bf7
{[%clk 0:26:56]} 26. Rd1 {[%clk 0:52:29]} Qe6 {[%clk 0:19:14]} 27. Qc5
{[%clk 0:45:10]} Nd7 {[%clk 0:15:06]} 28. Qd6 {[%clk 0:43:43]} Qxd6
{[%clk 0:13:33]} 29. Rxd6 {[%clk 0:44:04]} Be8 {[%clk 0:13:45]} 30. Nc1
{[%clk 0:42:40]} Rg6 {[%clk 0:13:16]} 31. Rxg6 {[%clk 0:41:19]} Bxg6
{[%clk 0:13:29]} 32. Rd2 {[%clk 0:41:47]} Be8 {[%clk 0:13:43]} 33. Nd3
{[%clk 0:42:08]} a5 {[%clk 0:13:44]} 34. a4 {[%clk 0:40:52]} b5 {[%clk 0:12:46]}
35. Nxe5 {[%clk 0:34:34]} Nxe5 {[%clk 0:13:02]} 36. Bxe5 {[%clk 0:35:01]} bxa4
{[%clk 0:13:17]} 37. bxa4 {[%clk 0:35:26]} c5 {[%clk 0:13:26]} 38. Rd5
{[%clk 0:35:42]} Rc8 {[%clk 0:13:20]} 39. Bd6 {[%clk 0:34:52]} Bxa4
{[%clk 0:12:32]} 40. Kd2 {[%clk 1:03:22]} Kf7 {[%clk 0:36:01]} 41. Rxc5
{[%clk 1:02:01]} Rxc5 {[%clk 0:35:52]} 42. Bxc5 {[%clk 1:02:29]} Bc6
{[%clk 0:35:16]} 43. Ke3 {[%clk 1:02:48]} g6 {[%clk 0:34:23]} 44. Kd4
{[%clk 1:02:36]} Ke6 {[%clk 0:34:26]} 45. c4 {[%clk 1:01:57]} a4 {[%clk 0:34:26]}
46. Ba3 {[%clk 1:01:58]} Be8 {[%clk 0:34:00]} 47. f4 {[%clk 1:01:30]} Bc6
{[%clk 0:34:01]} 48. g4 {[%clk 0:53:53]} Kf6 {[%clk 0:32:14]} 49. Bb2
{[%clk 0:53:41]} Ke6 {[%clk 0:32:01]} 50. f5+ {[%clk 0:50:32]} gxf5
{[%clk 0:31:46]} 51. gxf5+ {[%clk 0:50:32]} Kf7 {[%clk 0:30:34]} 52. e5
{[%clk 0:50:29]} Bf3 {[%clk 0:29:08]} 53. e6+ {[%clk 0:50:32]} Ke7
{[%clk 0:27:20]} 54. Ke5 {[%clk 0:50:54]} Bh5 {[%clk 0:27:16]} 55. f6+
{[%clk 0:51:16]} Kf8 {[%clk 0:26:53]} 56. Ba3+ {[%clk 0:51:37]} Ke8
{[%clk 0:27:18]} 57. c5 {[%clk 0:52:02]} 1-0

[Event "IMP Mezczyzn do lat 20"]
[Site "Chotowa"]
[Date "2023.10.31"]
[Round "9.16"]
[White "Haladaj, Adam"]
[Black "Labedz, Dawid"]
[Result "1-0"]
[BlackElo "1579"]
[WhiteElo "1611"]
[LiveChessVersion "1.4.8"]

1. e4 {[%clk 1:30:59]} c5 {[%clk 1:30:51]} 2. Nf3 {[%clk 1:31:24]} g6
{[%clk 1:30:46]} 3. d4 {[%clk 1:31:49]} cxd4 {[%clk 1:31:13]} 4. Nxd4
{[%clk 1:32:13]} Bg7 {[%clk 1:31:18]} 5. Nc3 {[%clk 1:32:22]} Nc6
{[%clk 1:31:23]} 6. Be3 {[%clk 1:32:48]} Nf6 {[%clk 1:30:51]} 7. Bc4
{[%clk 1:33:12]} Qa5 {[%clk 1:29:23]} 8. O-O {[%clk 1:18:58]} O-O
{[%clk 1:28:13]} 9. Bb3 {[%clk 1:18:57]} d6 {[%clk 1:28:06]} 10. h3
{[%clk 1:17:02]} Nxd4 {[%clk 1:27:46]} 11. Bxd4 {[%clk 1:13:21]} Bd7
{[%clk 1:28:08]} 12. Qd3 {[%clk 1:04:56]} Bc6 {[%clk 1:28:20]} 13. Rad1
{[%clk 0:55:09]} Nd7 {[%clk 1:24:54]} 14. Bxg7 {[%clk 0:54:53]} Kxg7
{[%clk 1:25:21]} 15. Rfe1 {[%clk 0:45:26]} Rac8 {[%clk 1:20:58]} 16. Qd4+
{[%clk 0:38:24]} Kg8 {[%clk 1:19:27]} 17. Re3 {[%clk 0:24:06]} Qc5
{[%clk 1:17:09]} 18. Nd5 {[%clk 0:16:24]} Bxd5 {[%clk 1:16:19]} 19. exd5
{[%clk 0:16:47]} Rfe8 {[%clk 1:11:03]} 20. Qd2 {[%clk 0:09:32]} Rc7
{[%clk 1:06:10]} 21. Ba4 {[%clk 0:05:45]} a6 {[%clk 0:52:44]} 22. Bxd7
{[%clk 0:04:43]} Rxd7 {[%clk 0:53:06]} 23. Rde1 {[%clk 0:03:52]} Kg7
{[%clk 0:43:51]} 24. Re4 {[%clk 0:03:32]} h6 {[%clk 0:37:13]} 25. c3
{[%clk 0:01:40]} b5 {[%clk 0:34:28]} 26. Rh4 {[%clk 0:01:01]} g5 {[%clk 0:31:21]}
27. Rhe4 {[%clk 0:00:55]} f6 {[%clk 0:28:37]} 28. h4 {[%clk 0:00:45]} Qc7
{[%clk 0:22:22]} 29. hxg5 {[%clk 0:00:51]} hxg5 {[%clk 0:22:39]} 30. f4
{[%clk 0:00:56]} gxf4 {[%clk 0:22:34]} 31. Qxf4 {[%clk 0:01:14]} Rg8
{[%clk 0:19:44]} 32. Qg4+ {[%clk 0:00:47]} Kf8 {[%clk 0:18:45]} 33. Qh5
{[%clk 0:01:03]} Rg5 {[%clk 0:15:01]} 34. Qh8+ {[%clk 0:01:01]} Rg8
{[%clk 0:12:44]} 35. Qh6+ {[%clk 0:01:13]} Kf7 {[%clk 0:12:20]} 36. Qh5+
{[%clk 0:00:39]} Kf8 {[%clk 0:12:31]} 37. R1e3 {[%clk 0:00:42]} Rg5
{[%clk 0:04:45]} 38. Qh8+ {[%clk 0:00:52]} Kf7 {[%clk 0:05:14]} 39. Rh4
{[%clk 0:00:42]} Qc5 {[%clk 0:04:08]} 40. Rh7+ {[%clk 0:30:57]} Kg6
{[%clk 0:34:30]} 41. Rg7+ {[%clk 0:31:19]} Kf5 {[%clk 0:33:44]} 42. Qh3+
{[%clk 0:31:47]} Kf4 {[%clk 0:33:31]} 43. Qf3# {[%clk 0:32:11]} 1-0

[Event "IMP Mezczyzn do lat 20"]
[Site "Chotowa"]
[Date "2023.10.31"]
[Round "9.17"]
[White "Mocko, Maciej"]
[Black "Karas, Kacper"]
[Result "1-0"]
[BlackElo "1445"]
[WhiteElo "1862"]
[LiveChessVersion "1.4.8"]

1. a3 a6 {[%clk 1:30:38]} 2. g3 {[%clk 1:22:39]} g6 {[%clk 1:28:33]} 3. Bg2
{[%clk 1:23:01]} Bg7 {[%clk 1:28:56]} 4. Nf3 {[%clk 1:22:54]} Nf6
{[%clk 1:27:46]} 5. d4 {[%clk 1:23:06]} O-O {[%clk 1:27:11]} 6. c4
{[%clk 1:23:03]} c5 {[%clk 1:25:48]} 7. dxc5 {[%clk 1:17:50]} Qc7
{[%clk 1:22:27]} 8. Be3 {[%clk 1:16:56]} Ne4 {[%clk 1:22:02]} 9. Bd4
{[%clk 1:16:06]} Nxc5 {[%clk 1:21:49]} 10. Bxg7 {[%clk 1:16:15]} Kxg7
{[%clk 1:22:15]} 11. Nc3 {[%clk 1:15:28]} d6 {[%clk 1:20:45]} 12. Nd5
{[%clk 1:15:12]} Qd8 {[%clk 1:20:42]} 13. h4 {[%clk 1:15:07]} h5 {[%clk 1:18:15]}
14. O-O {[%clk 1:13:14]} Nc6 {[%clk 1:11:57]} 15. b4 {[%clk 1:12:02]} Ne6
{[%clk 1:11:01]} 16. Rc1 {[%clk 1:10:10]} Bd7 {[%clk 1:04:16]} 17. Qd2
{[%clk 1:07:31]} Nc7 {[%clk 0:53:22]} 18. Nb6 {[%clk 1:05:29]} Rb8
{[%clk 0:52:17]} 19. a4 {[%clk 1:04:04]} a5 {[%clk 0:51:47]} 20. b5
{[%clk 1:03:00]} Nb4 {[%clk 0:51:36]} 21. c5 {[%clk 1:02:30]} Bf5
{[%clk 0:41:46]} 22. cxd6 {[%clk 0:58:15]} exd6 {[%clk 0:41:56]} 23. Qc3+
{[%clk 0:58:18]} 1-0

[Event "IMP Kobiet do lat 20"]
[Site "Chotowa"]
[Date "2023.10.24"]
[Round "1.1"]
[White "Kudlak, Julia"]
[Black "Waszczuk, Patrycja"]
[Result "1-0"]
[BlackElo "2248"]
[WhiteElo "1892"]
[LiveChessVersion "1.4.8"]

1. e4 {[%clk 1:30:52]} c5 {[%clk 1:30:56]} 2. Nf3 {[%clk 1:31:01]} d6
{[%clk 1:31:22]} 3. d4 {[%clk 1:30:21]} cxd4 {[%clk 1:31:48]} 4. Nxd4
{[%clk 1:30:42]} Nf6 {[%clk 1:32:13]} 5. Nc3 {[%clk 1:30:32]} a6 {[%clk 1:32:07]}
6. h3 {[%clk 1:28:42]} e5 {[%clk 1:32:28]} 7. Nb3 {[%clk 1:28:00]} h5
{[%clk 1:32:26]} 8. f4 {[%clk 1:22:27]} Be7 {[%clk 1:26:50]} 9. Qe2
{[%clk 1:09:32]} Qc7 {[%clk 1:21:03]} 10. f5 {[%clk 1:03:05]} b5 {[%clk 1:09:58]}
11. a3 {[%clk 0:53:46]} Bb7 {[%clk 1:08:32]} 12. Bg5 {[%clk 0:50:21]} Nbd7
{[%clk 1:07:03]} 13. O-O-O {[%clk 0:47:04]} Rc8 {[%clk 1:03:20]} 14. Bxf6
{[%clk 0:39:46]} gxf6 {[%clk 0:52:54]} 15. g4 {[%clk 0:34:18]} h4
{[%clk 0:50:14]} 16. Kb1 {[%clk 0:29:49]} Nb6 {[%clk 0:46:02]} 17. Qf2
{[%clk 0:21:28]} Qd8 {[%clk 0:32:11]} 18. Nd5 {[%clk 0:17:41]} Nxd5
{[%clk 0:25:42]} 19. exd5 {[%clk 0:18:05]} Qc7 {[%clk 0:25:37]} 20. Rh2
{[%clk 0:14:49]} Bd8 {[%clk 0:22:57]} 21. Qf3 {[%clk 0:11:26]} Qb6
{[%clk 0:20:39]} 22. Nd2 {[%clk 0:11:01]} a5 {[%clk 0:11:20]} 23. Ne4
{[%clk 0:10:19]} Ba6 {[%clk 0:11:28]} 24. g5 {[%clk 0:08:32]} fxg5
{[%clk 0:11:00]} 25. f6 {[%clk 0:08:50]} Rg8 {[%clk 0:09:05]} 26. Qh5
{[%clk 0:04:13]} b4 {[%clk 0:06:22]} 27. Nxg5 {[%clk 0:02:31]} Rc7
{[%clk 0:04:24]} 28. Ne6 {[%clk 0:02:17]} Rb7 {[%clk 0:03:54]} 29. Bxa6
{[%clk 0:01:54]} bxa3 {[%clk 0:03:13]} 30. b3 {[%clk 0:01:19]} Qxa6
{[%clk 0:01:16]} 31. Qh7 {[%clk 0:01:39]} Rf8 {[%clk 0:00:50]} 32. Nxf8
{[%clk 0:01:25]} a2+ {[%clk 0:01:14]} 33. Ka1 {[%clk 0:00:51]} Bxf6
{[%clk 0:01:22]} 34. Qf5 {[%clk 0:01:04]} Ke7 {[%clk 0:00:51]} 35. Rf2
{[%clk 0:01:11]} Kxf8 {[%clk 0:00:49]} 36. Qxf6 {[%clk 0:01:32]} Qb6
{[%clk 0:01:14]} 37. Qh8+ {[%clk 0:01:28]} Ke7 {[%clk 0:01:41]} 38. Qxh4+
{[%clk 0:01:52]} Ke8 {[%clk 0:02:07]} 39. Rg1 {[%clk 0:01:45]} 1-0

[Event "IMP Kobiet do lat 20"]
[Site "Chotowa"]
[Date "2023.10.24"]
[Round "1.2"]
[White "Jarocka, Liwia"]
[Black "Siekanska, Zuzanna"]
[Result "1/2-1/2"]
[BlackElo "1885"]
[WhiteElo "2208"]
[LiveChessVersion "1.4.8"]

1. e4 {[%clk 1:30:55]} e5 {[%clk 1:30:55]} 2. Nf3 {[%clk 1:31:14]} Nc6
{[%clk 1:31:20]} 3. Bb5 {[%clk 1:31:34]} a6 {[%clk 1:31:40]} 4. Ba4
{[%clk 1:31:57]} Nf6 {[%clk 1:32:00]} 5. O-O {[%clk 1:32:13]} Be7
{[%clk 1:32:24]} 6. Re1 {[%clk 1:32:34]} b5 {[%clk 1:32:47]} 7. Bb3
{[%clk 1:32:59]} d6 {[%clk 1:33:07]} 8. c3 {[%clk 1:33:23]} O-O {[%clk 1:33:26]}
9. h3 {[%clk 1:33:47]} Na5 {[%clk 1:33:46]} 10. Bc2 {[%clk 1:33:48]} c5
{[%clk 1:33:47]} 11. d4 {[%clk 1:33:45]} Qc7 {[%clk 1:34:07]} 12. d5
{[%clk 1:33:39]} Bd7 {[%clk 1:33:46]} 13. b3 {[%clk 1:33:35]} Nb7
{[%clk 1:31:54]} 14. c4 {[%clk 1:32:59]} Ne8 {[%clk 1:22:15]} 15. Nc3
{[%clk 1:31:49]} g6 {[%clk 1:19:52]} 16. Bh6 {[%clk 1:25:52]} Ng7
{[%clk 1:20:16]} 17. g4 {[%clk 1:24:17]} f6 {[%clk 1:19:13]} 18. Ne2
{[%clk 1:24:00]} Nd8 {[%clk 1:19:07]} 19. Ng3 {[%clk 1:23:54]} Nf7
{[%clk 1:19:06]} 20. Be3 {[%clk 1:22:59]} Rfb8 {[%clk 1:12:25]} 21. Nd2
{[%clk 1:18:44]} Kh8 {[%clk 1:01:56]} 22. Kh2 {[%clk 1:18:19]} Qc8
{[%clk 0:53:38]} 23. Rg1 {[%clk 1:13:11]} Ne8 {[%clk 0:50:09]} 24. Bd3
{[%clk 1:03:40]} Nc7 {[%clk 0:49:15]} 25. Rc1 {[%clk 0:59:12]} Qe8
{[%clk 0:44:09]} 26. h4 {[%clk 0:47:58]} b4 {[%clk 0:41:01]} 27. Qf3
{[%clk 0:41:15]} a5 {[%clk 0:37:24]} 28. Rg2 {[%clk 0:38:57]} a4 {[%clk 0:32:04]}
29. Rcg1 {[%clk 0:37:51]} axb3 {[%clk 0:27:00]} 30. axb3 {[%clk 0:38:19]} Qf8
{[%clk 0:24:18]} 31. Kh1 {[%clk 0:31:19]} Ra2 {[%clk 0:19:43]} 32. Be2
{[%clk 0:29:32]} Rba8 {[%clk 0:18:15]} 33. Ndf1 {[%clk 0:24:09]} Nh6
{[%clk 0:15:14]} 34. Nh2 {[%clk 0:13:12]} Rb2 {[%clk 0:09:31]} 35. Bd1
{[%clk 0:10:48]} Nf7 {[%clk 0:08:09]} 36. Bc1 {[%clk 0:08:04]} Rba2
{[%clk 0:05:26]} 37. Qe3 {[%clk 0:07:20]} Nd8 {[%clk 0:04:37]} 38. Nf5
{[%clk 0:06:15]} Nf7 {[%clk 0:02:20]} 39. Nxe7 {[%clk 0:03:03]} Qxe7
{[%clk 0:02:39]} 40. Qg3 {[%clk 0:31:52]} Ne8 {[%clk 0:31:46]} 41. Nf1
{[%clk 0:30:04]} Ra1 {[%clk 0:29:31]} 42. Qe3 {[%clk 0:30:23]} Ng7
{[%clk 0:28:00]} 43. Ng3 {[%clk 0:28:16]} R1a2 {[%clk 0:23:10]} 44. Qd3
{[%clk 0:24:24]} Rf8 {[%clk 0:20:15]} 45. Qb1 {[%clk 0:18:02]} Rfa8
{[%clk 0:20:07]} 46. Bb2 {[%clk 0:16:45]} R2a7 {[%clk 0:17:30]} 47. Qc1
{[%clk 0:14:35]} Rf8 {[%clk 0:15:53]} 48. Qc2 {[%clk 0:11:53]} Qd8
{[%clk 0:13:37]} 49. Qd3 {[%clk 0:10:45]} Ra2 {[%clk 0:13:09]} 50. f3
{[%clk 0:10:39]} Qe7 {[%clk 0:12:50]} 51. Qb1 {[%clk 0:10:34]} Rfa8
{[%clk 0:12:41]} 52. Nh5 {[%clk 0:09:04]} R2a7 {[%clk 0:11:31]} 53. Nxg7
{[%clk 0:07:16]} Kxg7 {[%clk 0:11:49]} 54. Bc2 {[%clk 0:07:38]} Rh8
{[%clk 0:10:23]} 55. Qc1 {[%clk 0:07:35]} h6 {[%clk 0:09:01]} 56. f4
{[%clk 0:05:54]} Raa8 {[%clk 0:07:49]} 57. Rh2 {[%clk 0:05:56]} Raf8
{[%clk 0:05:23]} 58. Qe3 {[%clk 0:04:34]} exf4 {[%clk 0:03:47]} 59. Qxf4
{[%clk 0:05:02]} g5 {[%clk 0:03:39]} 60. Qe3 {[%clk 0:03:44]} Ne5
{[%clk 0:04:01]} 61. Bd1 {[%clk 0:04:01]} Ng6 {[%clk 0:02:21]} 62. hxg5
{[%clk 0:01:54]} 1/2-1/2

[Event "IMP Kobiet do lat 20"]
[Site "Chotowa"]
[Date "2023.10.24"]
[Round "1.3"]
[White "Sprzeczka, Emilia"]
[Black "Starosta, Martyna"]
[Result "0-1"]
[BlackElo "2180"]
[WhiteElo "1865"]
[LiveChessVersion "1.4.8"]

1. e4 {[%clk 1:30:58]} c5 {[%clk 1:30:56]} 2. c3 {[%clk 1:31:21]} Nf6
{[%clk 1:31:22]} 3. e5 {[%clk 1:31:46]} Nd5 {[%clk 1:31:48]} 4. Nf3
{[%clk 1:32:08]} Nc6 {[%clk 1:32:13]} 5. Bc4 {[%clk 1:32:32]} Nb6
{[%clk 1:32:37]} 6. Bb3 {[%clk 1:32:56]} c4 {[%clk 1:33:02]} 7. Bc2
{[%clk 1:33:20]} d5 {[%clk 1:33:26]} 8. exd6 {[%clk 1:33:43]} Qxd6
{[%clk 1:33:52]} 9. O-O {[%clk 1:33:47]} Bg4 {[%clk 1:34:16]} 10. h3
{[%clk 1:34:04]} Bh5 {[%clk 1:34:40]} 11. Re1 {[%clk 1:34:18]} O-O-O
{[%clk 1:35:03]} 12. b3 {[%clk 1:34:27]} Qf6 {[%clk 1:35:28]} 13. Na3
{[%clk 1:34:40]} Nd5 {[%clk 1:35:53]} 14. Nxc4 {[%clk 1:34:00]} Nxc3
{[%clk 1:35:59]} 15. dxc3 {[%clk 1:34:15]} Rxd1 {[%clk 1:36:22]} 16. Bxd1
{[%clk 1:34:26]} g5 {[%clk 1:35:35]} 17. Bxg5 {[%clk 1:29:58]} Qg7
{[%clk 1:36:00]} 18. Be3 {[%clk 1:25:29]} Rg8 {[%clk 1:35:19]} 19. g3
{[%clk 1:23:49]} b5 {[%clk 1:32:13]} 20. Ncd2 {[%clk 1:04:25]} e5
{[%clk 1:21:00]} 21. a4 {[%clk 1:00:17]} bxa4 {[%clk 1:08:22]} 22. Rxa4
{[%clk 0:58:36]} f5 {[%clk 1:02:45]} 23. Rc4 {[%clk 0:33:35]} Kb7
{[%clk 0:36:50]} 24. Nxe5 {[%clk 0:22:09]} Qxe5 {[%clk 0:29:57]} 25. Bxh5
{[%clk 0:21:48]} Rxg3+ {[%clk 0:29:24]} 26. Kf1 {[%clk 0:20:43]} Rxh3
{[%clk 0:21:26]} 27. Bf3 {[%clk 0:20:45]} Rxf3 {[%clk 0:20:07]} 28. Nxf3
{[%clk 0:21:01]} Qd5 {[%clk 0:16:11]} 29. Nd4 {[%clk 0:15:43]} Ne5
{[%clk 0:14:24]} 30. Ra4 {[%clk 0:15:04]} f4 {[%clk 0:11:06]} 31. Bd2
{[%clk 0:08:07]} Bc5 {[%clk 0:05:56]} 32. Rxe5 {[%clk 0:03:17]} Qxe5
{[%clk 0:06:07]} 33. Nf3 {[%clk 0:03:20]} Qd5 {[%clk 0:05:04]} 34. Rxf4
{[%clk 0:03:21]} Qxb3 {[%clk 0:04:53]} 35. Ne5 {[%clk 0:01:41]} a5
{[%clk 0:03:16]} 36. Nc4 {[%clk 0:01:25]} Ka6 {[%clk 0:01:11]} 37. Rf6+
{[%clk 0:00:58]} Kb5 {[%clk 0:01:03]} 38. Ne5 {[%clk 0:01:00]} Qd1+
{[%clk 0:00:53]} 39. Be1 {[%clk 0:01:22]} Ka4 {[%clk 0:00:56]} 40. Rf3
{[%clk 0:30:52]} Qd5 {[%clk 0:30:34]} 41. Rf4+ {[%clk 0:30:21]} Kb3
{[%clk 0:29:21]} 42. Nc4 {[%clk 0:26:46]} a4 {[%clk 0:25:03]} 43. Nd2+
{[%clk 0:24:35]} Ka3 {[%clk 0:22:27]} 44. Nc4+ {[%clk 0:23:02]} Ka2
{[%clk 0:21:21]} 45. Ne3 {[%clk 0:21:35]} Qd3+ {[%clk 0:20:27]} 46. Kg2
{[%clk 0:21:16]} a3 {[%clk 0:20:40]} 47. c4 {[%clk 0:20:09]} Qe2 {[%clk 0:17:38]}
0-1

[Event "IMP Kobiet do lat 20"]
[Site "Chotowa"]
[Date "2023.10.24"]
[Round "1.4"]
[White "Dylag, Emilia"]
[Black "Gaszka, Zuzanna"]
[Result "0-1"]
[BlackElo "1758"]
[WhiteElo "2163"]
[LiveChessVersion "1.4.8"]

1. d4 {[%clk 1:30:57]} Nf6 {[%clk 1:30:53]} 2. c4 {[%clk 1:31:16]} e6
{[%clk 1:31:14]} 3. Nc3 {[%clk 1:30:41]} Bb4 {[%clk 1:31:33]} 4. a3
{[%clk 1:30:51]} Bxc3+ {[%clk 1:31:15]} 5. bxc3 {[%clk 1:31:14]} c5
{[%clk 1:30:15]} 6. e3 {[%clk 1:28:56]} O-O {[%clk 1:28:14]} 7. Bd3
{[%clk 1:26:44]} d6 {[%clk 1:24:33]} 8. Ne2 {[%clk 1:24:50]} Nc6 {[%clk 1:13:56]}
9. O-O {[%clk 1:21:39]} b6 {[%clk 1:06:06]} 10. e4 {[%clk 0:52:13]} h6
{[%clk 0:57:15]} 11. f4 {[%clk 0:50:39]} Ba6 {[%clk 0:50:05]} 12. e5
{[%clk 0:44:34]} Ne8 {[%clk 0:47:21]} 13. Be3 {[%clk 0:39:05]} Na5
{[%clk 0:44:24]} 14. f5 {[%clk 0:24:33]} exf5 {[%clk 0:38:42]} 15. Ng3
{[%clk 0:15:18]} Nxc4 {[%clk 0:33:24]} 16. Bxc4 {[%clk 0:14:41]} Bxc4
{[%clk 0:33:41]} 17. Rxf5 {[%clk 0:11:15]} Be6 {[%clk 0:30:48]} 18. Rf2
{[%clk 0:08:52]} dxe5 {[%clk 0:25:05]} 19. dxc5 {[%clk 0:06:04]} Qxd1+
{[%clk 0:20:35]} 20. Rxd1 {[%clk 0:06:29]} Nc7 {[%clk 0:20:32]} 21. cxb6
{[%clk 0:04:59]} axb6 {[%clk 0:20:55]} 22. Bxb6 {[%clk 0:02:10]} Nd5
{[%clk 0:16:09]} 23. Bc5 {[%clk 0:02:20]} Rfc8 {[%clk 0:15:41]} 24. Bd6
{[%clk 0:01:55]} Nxc3 {[%clk 0:15:44]} 25. Rc1 {[%clk 0:01:28]} f6
{[%clk 0:12:53]} 26. Rfc2 {[%clk 0:01:33]} Nb5 {[%clk 0:12:30]} 27. Rxc8+
{[%clk 0:01:05]} Bxc8 {[%clk 0:10:38]} 28. Bb4 {[%clk 0:01:12]} Be6
{[%clk 0:10:31]} 29. Kf2 {[%clk 0:00:34]} Ra7 {[%clk 0:09:28]} 30. Ra1
{[%clk 0:00:42]} Nd4 {[%clk 0:05:47]} 31. Bc5 {[%clk 0:00:53]} Ra4
{[%clk 0:05:34]} 32. Rd1 {[%clk 0:00:32]} Bb3 {[%clk 0:05:06]} 33. Rd3
{[%clk 0:00:42]} Bc4 {[%clk 0:03:07]} 34. Rd2 {[%clk 0:00:33]} Ne6
{[%clk 0:02:11]} 35. Bb4 {[%clk 0:00:43]} Nf4 {[%clk 0:02:07]} 36. Rd8+
{[%clk 0:00:54]} Kh7 {[%clk 0:02:02]} 37. Rb8 {[%clk 0:00:33]} Bd5
{[%clk 0:01:53]} 38. Nf5 {[%clk 0:00:37]} Nd3+ {[%clk 0:01:35]} 39. Kg3
{[%clk 0:00:33]} Nxb4 {[%clk 0:01:45]} 40. axb4 {[%clk 0:30:48]} Ra3+
{[%clk 0:31:25]} 41. Kf2 {[%clk 0:30:19]} Ra2+ {[%clk 0:31:10]} 42. Ke3
{[%clk 0:30:22]} Bxg2 {[%clk 0:28:24]} 43. b5 {[%clk 0:21:47]} Bh3
{[%clk 0:22:51]} 44. Nd6 {[%clk 0:21:57]} f5 {[%clk 0:20:26]} 45. b6
{[%clk 0:16:03]} Ra3+ {[%clk 0:15:23]} 46. Kf2 {[%clk 0:15:59]} e4
{[%clk 0:13:39]} 47. b7 {[%clk 0:13:02]} e3+ {[%clk 0:10:08]} 48. Kg3
{[%clk 0:05:09]} e2+ {[%clk 0:04:09]} 49. Kf2 {[%clk 0:05:30]} Re3
{[%clk 0:01:32]} 50. Ke1 {[%clk 0:05:53]} Bg4 {[%clk 0:01:31]} 51. Rh8+
{[%clk 0:03:45]} Kxh8 {[%clk 0:01:53]} 52. b8=Q+ {[%clk 0:04:03]} Kh7
{[%clk 0:02:18]} 53. Nxf5 {[%clk 0:00:51]} Rd3 {[%clk 0:01:33]} 54. Kf2
{[%clk 0:00:38]} Rf3+ {[%clk 0:01:29]} 0-1